The gyroscope applied/ (Record no. 158215)
[ view plain ]
| 000 -LEADER | |
|---|---|
| fixed length control field | 00576nam a2200193 a 4500 |
| 008 - FIXED-LENGTH DATA ELEMENTS--GENERAL INFORMATION | |
| fixed length control field | |
| 049 ## - LOCAL HOLDINGS (OCLC) | |
| Holding library | MAIN |
| 090 ## - LOCALLY ASSIGNED LC-TYPE CALL NUMBER (OCLC); LOCAL CALL NUMBER (RLIN) | |
| Classification number (OCLC) (R) ; Classification number, CALL (RLIN) (NR) | QA862.G9 |
| 003 - CONTROL NUMBER IDENTIFIER | |
| control field | |
| 005 - DATE AND TIME OF LATEST TRANSACTION | |
| control field | 20230123134008.0 |
| 040 ## - CATALOGING SOURCE | |
| Transcribing agency | NUST |
| 100 10 - MAIN ENTRY--PERSONAL NAME | |
| Personal name | Richardson, Kenneth Ian Trevor. |
| 245 14 - TITLE STATEMENT | |
| Title | The gyroscope applied/ |
| Statement of responsibility, etc. | K.I.T.Richardson |
| 260 0# - PUBLICATION, DISTRIBUTION, ETC. | |
| Place of publication, distribution, etc. | London, |
| -- | New York: |
| Name of publisher, distributor, etc. | Hutchinson's Scientific and Technical Publications, |
| Date of publication, distribution, etc. | [1954] |
| 300 ## - PHYSICAL DESCRIPTION | |
| Extent | 384 p. : |
| Other physical details | ill. ; |
| Dimensions | 24 cm. |
| 650 #0 - SUBJECT ADDED ENTRY--TOPICAL TERM | |
| Topical term or geographic name entry element | Gyroscopes. |
| 907 ## - LOCAL DATA ELEMENT G, LDG (RLIN) | |
| a | .b1016277x |
| b | 05-01-06 |
| c | 10-05-05 |
| 942 ## - ADDED ENTRY ELEMENTS (KOHA) | |
| Koha item type | Ordinary Loan Books |
| Call number prefix | QA862.G9 |
| Date last seen | Total Checkouts | Full call number | Barcode | Cost, replacement price | Price effective from | Koha item type | Lost status | Source of classification or shelving scheme | Damaged status | Not for loan | Collection | Withdrawn status | Home library | Current library | Shelving location | Date acquired | Cost, normal purchase price |
|---|---|---|---|---|---|---|---|---|---|---|---|---|---|---|---|---|---|
| 01/23/2023 | QA862.G9 RIC | 92003036592 | 80.00 | 01/23/2023 | BOOKS | LCC | NFIC | MAIN | MAIN | GEN | 01/23/2023 | 80.00 |